| 000 | 00716nam a2200253Ia 4500 | ||
|---|---|---|---|
| 003 | OSt | ||
| 005 | 20220924123151.0 | ||
| 006 | a|||||r|||| 00| 0 | ||
| 007 | ta | ||
| 008 | 220923b |||||||| |||| 00| 0 ara d | ||
| 024 | _a342053 | ||
| 037 | _cTextual | ||
| 040 |
_aARTS _cARTS _bara |
||
| 041 |
_2ara _aara |
||
| 082 | _aQ7v45, 28H6 | ||
| 100 |
_aDimashqi Jamaluddin al-Qasimi Au. _9191872 |
||
| 245 | 0 | _aTarikh al jhamiyat wa al mu'tazilah | |
| 260 |
_aMisr _bMatba-al-manar Egypt _c1946 |
||
| 300 |
_a84p. _ccm. |
||
| 650 |
_a PROPHETS _94238 |
||
| 650 | _aISLAM - HISTORY | ||
| 942 |
_hQ7v45, 28H6 _cTEXL _2CC |
||
| 999 |
_c414605 _d414605 |
||